| 000 -LEADER |
| fixed length control field |
01368cam a2200289 a 4500 |
| 003 - CONTROL NUMBER IDENTIFIER |
| control field |
OSt |
| 005 - DATE AND TIME OF LATEST TRANSACTION |
| control field |
20220524150642.0 |
| 008 - FIXED-LENGTH DATA ELEMENTS--GENERAL INFORMATION |
| fixed length control field |
140227s2013 njua 001 0 eng d |
| 020 ## - INTERNATIONAL STANDARD BOOK NUMBER |
| International Standard Book Number |
1118620127 |
| 020 ## - INTERNATIONAL STANDARD BOOK NUMBER |
| International Standard Book Number |
9781118620120 |
| 020 ## - INTERNATIONAL STANDARD BOOK NUMBER |
| Cancelled/invalid ISBN |
9781118748855 (ebk) |
| 020 ## - INTERNATIONAL STANDARD BOOK NUMBER |
| Cancelled/invalid ISBN |
9781118748688 (ebk) |
| 082 04 - DEWEY DECIMAL CLASSIFICATION NUMBER |
| Classification number |
658.4063 |
| Edition number |
23 |
| Item number |
MOO |
| 100 1# - MAIN ENTRY--PERSONAL NAME |
| Personal name |
Mootee, Idris, |
| Dates associated with a name |
1958- |
| 245 10 - TITLE STATEMENT |
| Title |
Design thinking for strategic innovation : |
| Remainder of title |
what they can't teach you at business or design school / |
| Statement of responsibility, etc |
Idris Mootee. |
| 260 ## - PUBLICATION, DISTRIBUTION, ETC. (IMPRINT) |
| Place of publication, distribution, etc |
Hoboken, N.J. : |
| Name of publisher, distributor, etc |
John Wiley & Sons Inc, |
| Date of publication, distribution, etc |
c 2013 |
| 300 ## - PHYSICAL DESCRIPTION |
| Extent |
xi, 210 p. : |
| Other physical details |
ill. (chiefly col.) ; |
| Dimensions |
21 cm. |
| 500 ## - GENERAL NOTE |
| General note |
Includes index. |
| 505 0# - FORMATTED CONTENTS NOTE |
| Formatted contents note |
There's no more business as usual -- What is design thinking, really? -- Applied design thinking in business and strategy -- Introducing the design thinking MBA -- Hiring design thinkers is not enough; we need to create design thinking companies. |
| 650 #0 - SUBJECT ADDED ENTRY--TOPICAL TERM |
| Topical term or geographic name as entry element |
Creative ability in business. |
| 650 #0 - SUBJECT ADDED ENTRY--TOPICAL TERM |
| Topical term or geographic name as entry element |
Creative thinking. |
| 650 #0 - SUBJECT ADDED ENTRY--TOPICAL TERM |
| Topical term or geographic name as entry element |
Organizational change. |
| 856 41 - ELECTRONIC LOCATION AND ACCESS |
| Materials specified |
Table of contents only |
| Uniform Resource Identifier |
<a href="http://www.loc.gov/catdir/enhancements/fy1406/2013478369-t.html">http://www.loc.gov/catdir/enhancements/fy1406/2013478369-t.html</a> |
| 856 42 - ELECTRONIC LOCATION AND ACCESS |
| Materials specified |
Publisher description |
| Uniform Resource Identifier |
<a href="http://www.loc.gov/catdir/enhancements/fy1406/2013478369-d.html">http://www.loc.gov/catdir/enhancements/fy1406/2013478369-d.html</a> |
| 856 42 - ELECTRONIC LOCATION AND ACCESS |
| Materials specified |
Contributor biographical information |
| Uniform Resource Identifier |
<a href="http://www.loc.gov/catdir/enhancements/fy1406/2013478369-b.html">http://www.loc.gov/catdir/enhancements/fy1406/2013478369-b.html</a> |
| 942 ## - ADDED ENTRY ELEMENTS (KOHA) |
| Source of classification or shelving scheme |
|